000 00222nam a22000857a 4500
003 SGT
245 _aINDIAN JOURNAL OF OTALARYNGOLOGY AND HEAD & NECK SURGERY
260 _aINDIA
_bSPRINGER
_c2014, 2016 TO 2019
942 _2ddc
_cBV
999 _c24360
_d24360